Control de carga por voltaje
Guardado en:
| Hovedforfatter: | |
|---|---|
| Format: | Bog |
| Udgivet: |
San José, Costa Rica
1985
|
| Fag: | |
| Tags: |
Tilføj Tag
Ingen Tags, Vær først til at tagge denne postø!
|
MARC
| LEADER | 00000nam a2200000Ia 4500 | ||
|---|---|---|---|
| 003 | 002850 | ||
| 005 | 20221231144403.0 | ||
| 008 | 140114s1985 cr a m 000 ||s d | ||
| 040 | |c cru CEDI | ||
| 090 | |a TFG 1669 | ||
| 100 | |a Aguilar L, Jsesús V |9 14586 | ||
| 245 | |a Control de carga por voltaje | ||
| 260 | |c 1985 |a San José, Costa Rica | ||
| 300 | |a v,46[A1-A-16,B1-B11]hojas | ||
| 500 | |a A la Cabeza de la portada. Universidad de Costa Rica. Facultad de Ingeniería. Escuela de Ingeniería Eléctrica. Proyecto eléctrico I | ||
| 650 | |x REGULADORES ELECTRICOS |x REGULADORES DE VOLTAJE |x CENTRALES ELECTRICAS - COSTA RICA |9 13747 | ||
| 942 | |c TFG | ||
| 999 | |c 21130 |d 21130 | ||
